<?xml version="1.0" encoding="UTF-8"?>
<collection xmlns="http://www.loc.gov/MARC21/slim">
 <record>
  <leader>00456nam a22001575a 4500</leader>
  <controlfield tag="001">EHU.bham017331</controlfield>
  <controlfield tag="003">AR-BHAM</controlfield>
  <controlfield tag="005">20100623030701.0</controlfield>
  <controlfield tag="008">130507s1931##################000#0#####d</controlfield>
  <datafield tag="082" ind1="8" ind2="4">
   <subfield code="a">842.8</subfield>
  </datafield>
  <datafield tag="100" ind1="1" ind2=" ">
   <subfield code="a">Hugo, Victor</subfield>
  </datafield>
  <datafield tag="245" ind1="1" ind2="0">
   <subfield code="a">Hernani. marion de oorme. /</subfield>
   <subfield code="c">Victor Hugo</subfield>
  </datafield>
  <datafield tag="260" ind1=" " ind2=" ">
   <subfield code="a">Paris :</subfield>
   <subfield code="b">Nelson,</subfield>
   <subfield code="c">1931</subfield>
  </datafield>
  <datafield tag="300" ind1=" " ind2=" ">
   <subfield code="a">383 p.</subfield>
  </datafield>
  <datafield tag="653" ind1=" " ind2=" ">
   <subfield code="a">Teatro frances-1849-1900</subfield>
  </datafield>
  <datafield tag="859" ind1=" " ind2=" ">
   <subfield code="a">AR-BHAM</subfield>
   <subfield code="b">BIB. HUMANIDADES - Arturo Marasso</subfield>
   <subfield code="h">842.8</subfield>
   <subfield code="i">H875</subfield>
   <subfield code="p">2062.57</subfield>
   <subfield code="t">Ej.1</subfield>
   <subfield code="v">M</subfield>
  </datafield>
 </record>
</collection>
